Zmeny a doplnenia v zákone o DPH k 1.1.2015

Informácia o zmenách zákone účinná k 1.10. 2014. Doplnenie zákona účinné k 1.7. 2015. Ilustračné príklady.

Salvato in:
Dettagli Bibliografici
Autore principale: Zuziková, Alena
Natura: Capitolo di libro
Lingua:slovacco
Soggetti:
Tags: Aggiungi Tag
Nessun Tag, puoi essere il primo ad aggiungerne!!

MARC

LEADER 00000naa a2200000 4500
001 0196141
005 20231207112715.0
041 0 |a slo 
044 |a SK 
245 1 0 |a Zmeny a doplnenia v zákone o DPH k 1.1.2015  |c Alena Zuziková 
520 |a Informácia o zmenách zákone účinná k 1.10. 2014. Doplnenie zákona účinné k 1.7. 2015. Ilustračné príklady. 
610 2 0 |a zákony 
610 2 0 |a novelizácia 
610 2 0 |a Slovensko 
610 2 0 |a dane z hodnoty pridanej 
100 1 |a Zuziková, Alena